Scottish minerals extraction guidance to be reviewed (Record no. 73464)
[ view plain ]
| 000 -LEADER | |
|---|---|
| fixed length control field | 01275cam a2200229 4500 |
| 001 - CONTROL NUMBER | |
| control field | WB3936-19 |
| 008 - FIXED-LENGTH DATA ELEMENTS--GENERAL INFORMATION | |
| fixed length control field | 030925n2003 000 0 eng u |
| 035 ## - SYSTEM CONTROL NUMBER | |
| System control number | (Sirsi) u123728 |
| 245 ## - TITLE STATEMENT | |
| Title | Scottish minerals extraction guidance to be reviewed |
| 260 ## - PUBLICATION, DISTRIBUTION, ETC. | |
| Date of publication, distribution, etc. | 2003 |
| 490 ## - SERIES STATEMENT | |
| Series statement | Scottish Executive News Release |
| Volume/sequential designation | (SEc321/2003)25/09/03 |
| 520 ## - SUMMARY, ETC. | |
| Summary, etc. | "National planning policy guideline 4" (NPPG4) on the extraction of minerals in Scotland is to be reviewed. NPPG4 covers primary and secondary aggregates, marine dredged minerals, coastal superquarries, non-aggregate construction minerals, deep mined coal, peat, oil, gas and specialised or metalliferous minerals. Although a 2002 review of NPPG4 showed existing policies were generally working well, the policies are nearly ten years old and need to be re-examined. The 2002 NPPG4 review is available at http://www.scotland.gov.uk/library5/environment/rlmw-00.asp http://www.scotland.gov.uk/pages/news/2003/09/SEc321.aspx |
| 590 ## - LOCAL NOTE (RLIN) | |
| Local note | WB |
| 650 ## - SUBJECT ADDED ENTRY--TOPICAL TERM | |
| Topical term or geographic name entry element | SCOTLAND |
| 650 ## - SUBJECT ADDED ENTRY--TOPICAL TERM | |
| Topical term or geographic name entry element | NATIONAL PLANNING POLICY GUIDELINE 4 |
| 650 ## - SUBJECT ADDED ENTRY--TOPICAL TERM | |
| Topical term or geographic name entry element | NPPG4 |
| 650 ## - SUBJECT ADDED ENTRY--TOPICAL TERM | |
| Topical term or geographic name entry element | MINERALS EXTRACTION |
| 650 ## - SUBJECT ADDED ENTRY--TOPICAL TERM | |
| Topical term or geographic name entry element | DEVELOPMENT PLANNING |
| 650 ## - SUBJECT ADDED ENTRY--TOPICAL TERM | |
| Topical term or geographic name entry element | AGGREGATES |
| 690 ## - LOCAL SUBJECT ADDED ENTRY--TOPICAL TERM (OCLC, RLIN) | |
| Topical term or geographic name as entry element | ENVIRONMENTAL AND LAND CONSULTANCY-PLANNING AND DEVELOPMENT |
| 942 ## - ADDED ENTRY ELEMENTS (KOHA) | |
| Suppress in OPAC | 0 |
| Withdrawn status | Lost status | Source of classification or shelving scheme | Damaged status | Not for loan | Home library | Current library | Shelving location | Date acquired | Total Checkouts | Full call number | Barcode | Date last seen | Copy number | Price effective from | Koha item type |
|---|---|---|---|---|---|---|---|---|---|---|---|---|---|---|---|
| Dewey Decimal Classification | London | London | News article | 25/09/2003 | WB3936-19 | 123728-1001 | 06/08/2019 | 1 | 06/08/2019 | News article |